|
|
|
|
| LEADER |
00821nam a22002172a 4500 |
| 001 |
000230428 |
| 003 |
CZ BrMZK |
| 005 |
20170809104953.0 |
| 007 |
ta |
| 008 |
010907s1972 xr af f ger d |
| 040 |
|
|
|a BOA001
|b cze
|c BOA001
|
| 041 |
0 |
|
|a ger
|b cze
|
| 100 |
1 |
|
|a Štědroň, Bohumír,
|d 1905-1982
|7 jk01131151
|4 aut
|
| 245 |
1 |
4 |
|a Ein Chorinventar aus dem jahr 1768 in Deutsche Brod (Havlíčkův Brod) in tschechischer Sprache /
|c Bohumír Štědroň
|
| 260 |
|
|
|a Brno :
|b Brněnská universita,
|c 1972
|
| 300 |
|
|
|a s. 31-42, obr. příl. :
|b il.
|
| 546 |
|
|
|a České resumé
|
| 772 |
0 |
8 |
|i Separát z:
|t Sborník prací filosofické fakulty Brněnské univerzity,
|g H 7/1972
|
| 910 |
|
|
|a BOA001
|b X-0686.147
|
| 990 |
|
|
|a BK
|
| 996 |
6 |
|
|b 2619894621
|c X-0686.147
|l MZK
|r Sklad / do 24 hodin
|n 2
|w 000230428
|u 000010
|a 1
|e BOA001
|j MZK50
|s P
|